000 00629nam a22002417a 4500
003 UA-OsUOA
001 126599
007 ta
008 20171031b un ||||| |||| 00| 0 ukr d
100 _aЛучинський Ю.
090 _a821.161.2
_bЛ87
942 _cBK
040 _aUA-OsUOA
_bukr
_cUA-OsUOA
_dUA-OsUOA
245 _aНесподіваний візит
300 _a216 с.
955 _a3
041 _aukr
080 _a821.161.2
020 _a978-966-2068-10-8
260 _aК.
_bПростір
_c2008
650 7 _a82 Література. Літературознавство
_2UDC
999 _c413812
_d413812